Quick Pick: [adult swim] Quiz Stats

 Plays Quiz not verified by Sporcle

Score 0/12 Timer 01:30
0 Plays Today
% Correct
Rick
91.7%
Chicken
89.5%
Hospital
86.9%
Bedtime
86%
Hunger
84.6%
Movies
83.6%
Ghost
83.2%
Xavier
77.5%
Venture
77.1%
Orel
71.1%
Dynamite
65.5%
China
65.1%

You're not logged in!

Compare scores with friends on all Sporcle quizzes.
OR
Log In

Sporcle TV

Today on Sporcle TV


Watch our educational content, quiz creation guides, and fun videos on Sporcle TV.

Show Comments

Extras

Top Quizzes Today


Score Distribution

Your Account Isn't Verified!

In order to create a playlist on Sporcle, you need to verify the email address you used during registration. Go to your Sporcle Settings to finish the process.

Report this User

Report this user for behavior that violates our Community Guidelines.

Details: